Song Lyrics: Revenge (Minecraft Parody) (Creeper, aww man) - Statistics

General Stats
  • This quiz has been taken 5,837 times
  • The average score is 228 of 445
Answer Stats
Text % Correct
a
99%
Creeper,
97%
I
97%
man.
95%
mine,
95%
the
95%
aww
94%
to
94%
in
93%
back
92%
So
92%
so
92%
So,
92%
we
91%
go.
90%
side
90%
side,
90%
side.
90%
pick,
89%
pickaxe
88%
swinging
86%
from
85%
our
83%
got
82%
night,
79%
tonight,
75%
tonight.
75%
tonight
75%
you
72%
you,
72%
you.
72%
diamond,
71%
gain.
71%
again,
70%
again.
70%
up,
70%
up
70%
baby
68%
baby,
68%
and
63%
And
63%
it,
63%
on:
63%
your
63%
This
62%
this
62%
stuff
61%
stuff,
61%
no,
60%
steal
60%
'Cause
59%
it's
58%
It's
58%
diamonds
57%
diamonds,
57%
Oh
57%
some
57%
creeper's
56%
one,
56%
one
56%
find
55%
hear
54%
look
54%
body.
53%
grueling
53%
eyes,
52%
eyes.
52%
for
51%
Heads
51%
hope
51%
shock
51%
around
50%
total
50%
turn
50%
do.
49%
fills
49%
grab
49%
shovel
49%
sound,
49%
all
48%
All
48%
those
48%
tryin'
48%
run,
47%
come
45%
never
44%
morn'.
43%
sun
43%
forge
42%
until
41%
get
40%
bolt
39%
comes
38%
forget
37%
be
36%
could
36%
done,
36%
night,
35%
night
35%
gonna'
32%
gonna
32%
task's
32%
at
27%
when
27%
my
26%
is
25%
sword,
25%
that
25%
life
24%
life,
24%
life.
24%
me,
23%
Just
22%
right
22%
right,
22%
think
21%
time,
21%
time.
21%
you're
21%
behind,
20%
behind.
20%
safe,
20%
don't
19%
of
19%
out
19%
have,
18%
Have
18%
hissing
18%
revenge,
18%
revenge!
18%
bro'.
17%
craft
17%
die,
17%
die.
17%
end
17%
MLG.
17%
That's
17%
that's
17%
nice
16%
gotta'
15%
overhear
15%
pro,
15%
shame
15%
take
15%
Take
15%
armor,
14%
armor
14%
Blows
14%
health
14%
like
14%
use
14%
bar
13%
drops
13%
fight.
13%
fight,
13%
now
13%
tardy.
13%
half
12%
heart
12%
inside,
12%
last,
12%
last
12%
but
11%
Dig
11%
left,
11%
there,
11%
what
11%
I'm
10%
stuck
10%
made
9%
make
9%
sword's
8%
big
6%
day,
6%
warrior,
6%
yeah,
6%
Yeah,
6%
else
5%
new?
5%
ready
5%
them
5%
torchlight,
5%
room,
4%
Show
4%
through
4%
Trainin'
4%
under
4%
blade's
3%
Every
3%
gain.
3%
hone
3%
prowling'.
3%
single
3%
tear
3%
form
2%
let's
2%
whole
2%
world.
2%
tried
1%
Gather
0%
No matching quizzes found
Score Distribution
Percent of People with Each Score
Percentile by Number Answered
Your Score History
You have not taken this quiz